Introduction to computer science : (Record no. 9300)
[ view plain ]
| 000 -LEADER | |
|---|---|
| fixed length control field | 00534nam a2200157 a 4500 |
| 020 ## - INTERNATIONAL STANDARD BOOK NUMBER | |
| ISBN | 8170291895 (paperback) |
| 020 ## - INTERNATIONAL STANDARD BOOK NUMBER | |
| ISBN | 9788170291893 (paperback) |
| 100 1# - MAIN ENTRY--AUTHOR NAME | |
| Personal name | Jain, Prof. Satish. |
| 245 10 - TITLE STATEMENT | |
| Title | Introduction to computer science : |
| 260 ## - PUBLICATION, DISTRIBUTION, ETC. (IMPRINT) | |
| Place of publication | [S.l.] : |
| Name of publisher | BPB Publications, |
| Year of publication | 1994. |
| 300 ## - PHYSICAL DESCRIPTION | |
| Number of Pages | 1 v. (unpaged) |
| 856 40 - ELECTRONIC LOCATION AND ACCESS | |
| Uniform Resource Identifier | http://www.amazon.com/exec/obidos/ASIN/8170291895/chopaconline-20 |
| Withdrawn status | Lost status | Home library | Current library | Date acquired | Cost, normal purchase price | Full call number | Accession Number | Koha item type |
|---|---|---|---|---|---|---|---|---|
| Central Library, QUEST, Nawabshah | Central Library, QUEST, Nawabshah | 29/08/2014 | 485.00 | JAI | 18995 | Books | ||
| Central Library, QUEST, Nawabshah | Central Library, QUEST, Nawabshah | 29/08/2014 | 485.00 | JAI | 18996 | Books |